000
00316nam a22001217a 4500
020
_a
9788170356417
082
_a
307.762
_b
SIN/EX
245
_a
Extension strategies for agricultural and rural development
260
_a
Delhi
_b
Daya Publishing house
_c
2010
300
_a
437 p
700
_a
Singh, Ashok K
942
_c
BK
999
_c
13785
_d
13785